<?xml version="1.0" encoding="UTF-8"?>
<record
    xmlns:xsi="http://www.w3.org/2001/XMLSchema-instance"
    xsi:schemaLocation="http://www.loc.gov/MARC21/slim http://www.loc.gov/standards/marcxml/schema/MARC21slim.xsd"
    xmlns="http://www.loc.gov/MARC21/slim">

  <leader>01087cam a22002657a 4500</leader>
  <datafield tag="999" ind1=" " ind2=" ">
    <subfield code="c">7286</subfield>
    <subfield code="d">7286</subfield>
  </datafield>
  <controlfield tag="003">OSt</controlfield>
  <controlfield tag="005">20200304175319.0</controlfield>
  <controlfield tag="008">200304e201911  spcao||| |||| 000 0 cat|d</controlfield>
  <datafield tag="017" ind1=" " ind2=" ">
    <subfield code="a">DL B 235528-2019</subfield>
    <subfield code="b">Biblioteca de Catalunya</subfield>
  </datafield>
  <datafield tag="020" ind1=" " ind2=" ">
    <subfield code="a">9788418022128</subfield>
  </datafield>
  <datafield tag="040" ind1=" " ind2=" ">
    <subfield code="a">ES-BaCBA</subfield>
    <subfield code="b">cat</subfield>
    <subfield code="c">CDMR</subfield>
  </datafield>
  <datafield tag="100" ind1="1" ind2=" ">
    <subfield code="a">Campa&#xF1;&#xE1; i Bandranas, Antoni,</subfield>
    <subfield code="d">1906-1989,</subfield>
  </datafield>
  <datafield tag="245" ind1="1" ind2="3">
    <subfield code="a">La Capsa vermella </subfield>
    <subfield code="b">: la Guerra Civil fotografiada per Antoni Campa&#xF1;&#xE0; /</subfield>
    <subfield code="c">edici&#xF3; de Pl&#xE0;cid Garcia-Planas, Arnau Gonz&#xE1;lez i Vilalta, David Ramos</subfield>
  </datafield>
  <datafield tag="260" ind1=" " ind2=" ">
    <subfield code="a">Barcelona :</subfield>
    <subfield code="b">Comanegra,</subfield>
    <subfield code="c">2019</subfield>
  </datafield>
  <datafield tag="300" ind1=" " ind2=" ">
    <subfield code="a">313 p. :</subfield>
    <subfield code="b">il ;</subfield>
    <subfield code="c">26 cm</subfield>
  </datafield>
  <datafield tag="600" ind1="1" ind2="4">
    <subfield code="a">Campa&#xF1;&#xE1; i Bandranas, Antoni,</subfield>
    <subfield code="d">1906-1989</subfield>
  </datafield>
  <datafield tag="650" ind1="0" ind2="4">
    <subfield code="a">Fotografia de guerra</subfield>
    <subfield code="z">Espanya</subfield>
    <subfield code="y">1936-1939</subfield>
    <subfield code="9">4205</subfield>
  </datafield>
  <datafield tag="650" ind1="0" ind2="4">
    <subfield code="a">Fotografia de guerra</subfield>
    <subfield code="z">Catalunya</subfield>
    <subfield code="y">1936-1939</subfield>
    <subfield code="9">4205</subfield>
  </datafield>
  <datafield tag="651" ind1=" " ind2="4">
    <subfield code="a">Espanya</subfield>
    <subfield code="x">Hist&#xF2;ria</subfield>
    <subfield code="y">1936-1939, Guerra Civil</subfield>
    <subfield code="x">Fotografies</subfield>
  </datafield>
  <datafield tag="651" ind1=" " ind2="7">
    <subfield code="a">Catalunya</subfield>
    <subfield code="x">Hist&#xF2;ria</subfield>
    <subfield code="y">1936-1939, Guerra Civil</subfield>
    <subfield code="x">Fotografia</subfield>
    <subfield code="2">lemac</subfield>
  </datafield>
  <datafield tag="700" ind1="1" ind2=" ">
    <subfield code="a">Garcia-Planas, Pl&#xE0;cid</subfield>
    <subfield code="d">1962-</subfield>
    <subfield code="9">4569</subfield>
  </datafield>
  <datafield tag="700" ind1="1" ind2=" ">
    <subfield code="a">Gonz&#xE0;lez i Vilalta, Arnau</subfield>
    <subfield code="d">1980-</subfield>
    <subfield code="9">1948</subfield>
  </datafield>
  <datafield tag="700" ind1="1" ind2=" ">
    <subfield code="a">Ramos, David,</subfield>
    <subfield code="d">1982-</subfield>
  </datafield>
  <datafield tag="942" ind1=" " ind2=" ">
    <subfield code="c">MON</subfield>
  </datafield>
  <datafield tag="952" ind1=" " ind2=" ">
    <subfield code="0">0</subfield>
    <subfield code="1">0</subfield>
    <subfield code="4">0</subfield>
    <subfield code="7">0</subfield>
    <subfield code="a">CDMR</subfield>
    <subfield code="b">CDMR</subfield>
    <subfield code="d">2020-03-04</subfield>
    <subfield code="e">Intercanvi</subfield>
    <subfield code="g">29.50</subfield>
    <subfield code="l">3</subfield>
    <subfield code="m">3</subfield>
    <subfield code="o">Dk 2/17</subfield>
    <subfield code="p">CDMR20030001</subfield>
    <subfield code="r">2021-05-18</subfield>
    <subfield code="s">2020-06-28</subfield>
    <subfield code="v">29.50</subfield>
    <subfield code="w">2020-03-04</subfield>
    <subfield code="y">MON</subfield>
  </datafield>
</record>
